| 000 | 00641nam a22001577a 4500 | ||
|---|---|---|---|
| 082 |
_a891.4392092 _bRAI |
||
| 100 | _aRaiz , Dr. Raiz Ahmed | ||
| 245 |
_aIbn-e-Insha: Ahwal-o-Asar/ _cDr. Raiz Ahmed Raiz |
||
| 260 |
_aKarachi : _bLark Puublishers, _c2015. |
||
| 300 |
_a852p. ; _c29cm. |
||
| 650 |
_aInsha, Ibn-e, 1927–1978 — Criticism and interpretation _9129519 |
||
| 880 |
_6100-01\(3\r _aڈاکٹر ریاض احمد ریاض |
||
| 880 |
_6245-02\(3\r _aابنِ انشا: احوال و آثار/ _bڈاکٹر ریاض احمد ریاض |
||
| 880 |
_6260-03\(3\r _aکراچی: _bلرک پبلشرز، _c2015. |
||
| 942 |
_2ddc _cBK |
||
| 999 |
_c614163 _d614163 |
||